| 000 | 00799nam a2200205 4500 | ||
|---|---|---|---|
| 001 | 132972 | ||
| 003 | ES-MaACL | ||
| 005 | 20250819164921.0 | ||
| 007 | t| | ||
| 008 | 070214s1918 sp r ||||1| spa d | ||
| 100 | 1 |
_aRoyo Villanova, Antonio, _d1869-1958 _9100235 |
|
| 245 | 1 | 3 |
_aEl nacionalismo regionalista y la política internacional de España _b: extracto taquigráfico de la Conferencia pronunciada en el Ateneo el día 17 de noviembre de 1918 / _cAntonio Royo Villanova. |
| 260 |
_aMadrid : _b[s. n.], _c1918 ( _fImp. de Jesús Martínez) |
||
| 300 |
_a39 p. ; _c21 cm. |
||
| 610 | 2 | 4 |
_aAteneo de Madrid- _vConferencias- _y1900-1939 _91907 |
| 650 | 7 |
_aNacionalismo _2embne _915438 |
|
| 710 | 2 |
_aAteneo de Madrid. _91875 |
|
| 852 |
_aES-MaACL _j1568-F-17 |
||
| 999 |
_c132972 _d132972 |
||